000
00258nam a2200109Ia 4500
008
220217s9999||||xx |||||||||||||| ||und||
100
_a
Tofel
_9
5784
245
0
_a
Tofel IBT
260
_a
Tofel
_b
New Delhi
_c
2008
300
_b
249
650
_a
GENERAL BOOKS
999
_c
176933
_d
176933